Game of Thrones - House Lannister - Statistics

General Stats
  • This quiz has been taken 128 times
  • The average score is 14 of 44
Answer Stats
Description Answer % Correct
Lord of Casterly Rock, Warden of the West, Shield of Lannisport Lord Tywin Lannister
99%
Youngest son, a dwarf Tyrion Lannister the Imp
99%
Twin sister of the above, Queen of the Seven Kingdoms Queen Cersei Lannister
98%
First born of the above, heir to Casterly Rock Ser Jaime Lannister the Kingslayer
97%
Eldest son of the above, squire to King Robert I Baratheon Lancel Lannister
93%
Eldest younger brother of #1 Ser Kevan Lannister
89%
Lady of Casterly Rock, wife of the above, died in childbed Lady Joanna Lannister
80%
Third son, twin of the above Martyn Lannister
50%
Sworn House House Clegane
49%
Second son Willem Lannister
45%
Younger sister of #1, wed to Ser Emmon Frey Genna Lannister
42%
Youngest brother of #1, lost at sea Gerion Lannister
32%
Sworn House House Westerling of the Crag
31%
Bastard daughter of the above Joy Hill
29%
First son of the above Ser Cleos Frey
29%
Sworn House House Marbrand of Ashemark
28%
Second brother of #1, died of a pox Ser Tygett Lannister
28%
Son of the above, squire to King Robert I Baratheon Tyrek Lannister
27%
Sworn House House Swyft of Cornfield
25%
Wife of the above, of House Swyft Lady Dorna Lannister
24%
Brother of #2 Ser Stafford Lannister
24%
Sworn House House Crakehall of Crakehall
23%
Infant daughter Janei Lannister
19%
Second son Tion Frey
17%
Sworn House House Lefford of the Golden Tooth
16%
Only son Ser Daven Lannister
15%
Eldest daughter of the above Cerenna Lannister
14%
Sworn House House Lydden of the Deep Den
14%
Lord of the above Lord Leo Lefford
14%
Sworn House House Serrett of Silverhill
13%
Younger daughter Myrielle Lannister
13%
Widow of the above, of House Marbrand Darlessa Lannister
11%
Sworn House House of Banefort of Banefort
11%
Sworn House House Prester of Feastfires
11%
Lord of the above Lord Damon Marbrand
11%
Lord of the above Lord Harys Swift
11%
Lord of the above Lord Gawen Westerling
9%
Sworn House House Broom
7%
Maester of Casterly Rock Maester Creylen
5%
Lord of the above Lord Roland Crakehall
4%
Sworn House House Payne
3%
Lord of the above Lord Lewys Lydden
3%
Lord of the above Lord Garrison Prester
2%
Lord of the above Lord Quenten Banefort
2%
No matching quizzes found
Score Distribution
Percent of People with Each Score
Percentile by Number Answered
Your Score History
You have not taken this quiz